000
00400nam a22001697a 4500
003
MPLRDC
005
20220104113748.0
008
210129b ||||| |||| 00| 0 eng d
082
_a
857.621 NK-12 v.9
100
_a
倪匡
245
_a
死结
_c
260
_a
_b
利文出版社
_c
300
_b
平
490
_a
奇情科幻小说系列
650
_a
科幻小说
942
_c
BK
_o
857.621 NK-12 v.9
999
_c
2167
_d
2157